Building law reports. - Volume 86 (Record no. 97055)

MARC details
000 -LEADER
fixed length control field 00995cam a2200241 4500
008 - FIXED-LENGTH DATA ELEMENTS--GENERAL INFORMATION
fixed length control field 090401t1998 xxu||||| |||| 00| 0 eng d
020 ## - INTERNATIONAL STANDARD BOOK NUMBER
International Standard Book Number 0582357713
035 ## - SYSTEM CONTROL NUMBER
System control number (Sirsi) u85574
041 ## - LANGUAGE CODE
Language code of text/sound track or separate title eng
050 ## - LIBRARY OF CONGRESS CALL NUMBER
Classification number 690.026
245 ## - TITLE STATEMENT
Title Building law reports. - Volume 86
260 ## - PUBLICATION, DISTRIBUTION, ETC.
Place of publication, distribution, etc. Harlow, Essex
Name of publisher, distributor, etc. Longman
Date of publication, distribution, etc. 1998
300 ## - PHYSICAL DESCRIPTION
Extent vi,170p. ; 23cm.
350 ## - PRICE (NR) (BK AM CF MU VM SE) [OBSOLETE]
Price 0
520 ## - SUMMARY, ETC.
Summary, etc. Cases:- B Mullan & Sons Constractors Ltd v John Ross and Malcolm London (CA, NI 1996) - Dixons Group plc v Jan Andrew Murray-Oboynski and Others (QBD 1997) - Amstrad plc v Seagate Technology Incorporated and another (QBD 1997) - Laing Management Ltd and Morrison-Knudson Ltd v Aegon Insurance Company (UK) Ltd (QBD 1997) - Plant Construction plc v Clive Adam Associates (A Firm) and Others (QBD 1997)
650 ## - SUBJECT ADDED ENTRY--TOPICAL TERM
Topical term or geographic name entry element BUILDING LAW REPORTS
650 ## - SUBJECT ADDED ENTRY--TOPICAL TERM
Topical term or geographic name entry element CONSTRUCTION INDUSTRY
650 ## - SUBJECT ADDED ENTRY--TOPICAL TERM
Topical term or geographic name entry element LAW REPORTS
690 ## - LOCAL SUBJECT ADDED ENTRY--TOPICAL TERM (OCLC, RLIN)
Topical term or geographic name as entry element BUILT ENVIRONMENT
700 ## - ADDED ENTRY--PERSONAL NAME
Personal name LLoyd, Humphrey
International Standard Serial Number Editor
942 ## - ADDED ENTRY ELEMENTS (KOHA)
Suppress in OPAC 0
948 ## - LOCAL PROCESSING INFORMATION (OCLC); SERIES PART DESIGNATOR (RLIN)
c (OCLC) 15/04/1998
Holdings
Withdrawn status Lost status Source of classification or shelving scheme Damaged status Not for loan Home library Current library Shelving location Date acquired Total Checkouts Full call number Barcode Date last seen Copy number Price effective from Koha item type
    Dewey Decimal Classification     London London Basement 14/09/1999   BASEMENT 30055411 06/08/2019 1 06/08/2019 Law report